Many inventions / (Record no. 21893)
[ view plain ]
| 000 -LEADER | |
|---|---|
| fixed length control field | 00625nam a2200229 a 4500 |
| 001 - CONTROL NUMBER | |
| control field | 21893 |
| 003 - CONTROL NUMBER IDENTIFIER | |
| rucl marc code | BD-RJUL |
| 005 - DATE AND TIME OF LATEST TRANSACTION | |
| control field | 20211209000737.0 |
| 008 - FIXED-LENGTH DATA ELEMENTS--GENERAL INFORMATION | |
| fixed length control field | 140305r19491893enk 000 1 eng d |
| 035 ## - SYSTEM CONTROL NUMBER | |
| System control number | (BD-RJUL)21958 |
| System control number | (OCoLC)2898360 |
| 040 ## - CATALOGING SOURCE | |
| Original cataloging agency | YSM |
| Transcribing agency | YSM |
| Modifying agency | m.c |
| Language of cataloging | eng |
| 041 ## - LANGUAGE CODE | |
| Language code of text/sound track or separate title | eng |
| 082 ## - DEWEY DECIMAL CLASSIFICATION NUMBER | |
| Classification number | 823.8 |
| Author mark and year | KIM 1949 |
| 100 1# - MAIN ENTRY--PERSONAL NAME | |
| Personal name | Kipling, Rudyard, |
| Dates associated with a name | 1865-1936. |
| 9 (RLIN) | 67595 |
| 245 10 - TITLE STATEMENT | |
| Title | Many inventions / |
| Statement of responsibility, etc. | by Rudyard Kipling. |
| 250 ## - EDITION STATEMENT | |
| Edition statement | Library ed. |
| 260 ## - PUBLICATION, DISTRIBUTION, ETC. (IMPRINT) | |
| Place of publication, distribution, etc. | London : |
| Name of publisher, distributor, etc. | Macmillan, |
| Date of publication, distribution, etc. | 1949. |
| 300 ## - PHYSICAL DESCRIPTION | |
| Pagination | ix, 387 p. ; |
| Size | 20 cm. |
| 500 ## - GENERAL NOTE | |
| General note | First published, 1893. ... Library ed.1949. |
| 942 ## - ADDED ENTRY ELEMENTS (KOHA) | |
| Source of classification or shelving scheme | Dewey Decimal Classification |
| Koha item type | Books |
| Lost status | Source of classification or shelving scheme | Damaged status | Not for loan | Collection code | Permanent Location | Current Location | Shelving location | Date acquired | Source of acquisition | Cost, normal purchase price | Total Checkouts | Full call number | Date last seen | Copy number | Koha item type |
|---|---|---|---|---|---|---|---|---|---|---|---|---|---|---|---|
| Dewey Decimal Classification | Added to bundle | Fiction | Central Library, University of Rajshahi | Central Library, University of Rajshahi | Reading Room | 07/09/1968 | Zeitlinger | 21.00 | 823.8 KIM 1949 | 05/03/2014 | C-1 | Books | |||
| Dewey Decimal Classification | Non-fiction | Central Library, University of Rajshahi | Central Library, University of Rajshahi | General Stacks | 07/09/1968 | Zeitlinger | 21.00 | 823.8 KIM 1949 | 23/01/2024 | C-2 | Books |